Textbook of organic chemistry (Record no. 128077)
[ view plain ]
| 000 -LEADER | |
|---|---|
| fixed length control field | 00358nam a2200145Ia 4500 |
| 008 - FIXED-LENGTH DATA ELEMENTS--GENERAL INFORMATION | |
| fixed length control field | 210210b1995 xxu||||| |||| 00| 0 eng d |
| 041 ## - LANGUAGE CODE | |
| Language code of text/sound track or separate title | eng |
| 082 ## - DEWEY DECIMAL CLASSIFICATION NUMBER | |
| Classification number | 542/164 UGC |
| 100 ## - MAIN ENTRY--PERSONAL NAME | |
| Personal name | BAHL (B S) |
| 245 ## - TITLE STATEMENT | |
| Title | Textbook of organic chemistry |
| 260 ## - PUBLICATION, DISTRIBUTION, ETC. | |
| Place of publication, distribution, etc. | ND |
| Name of publisher, distributor, etc. | S. Chand & Co. Ltd. |
| Date of publication, distribution, etc. | 1995 |
| 690 ## - LOCAL SUBJECT ADDED ENTRY--TOPICAL TERM (OCLC, RLIN) | |
| Topical term or geographic name as entry element | Organic Chemistry |
| 700 ## - ADDED ENTRY--PERSONAL NAME | |
| Personal name | BAHL (A) |
| 906 ## - LOCAL DATA ELEMENT F, LDF (RLIN) | |
| a | 049386 |
| Withdrawn status | Lost status | Source of classification or shelving scheme | Damaged status | Not for loan | Collection code | Home library | Current library | Shelving location | Date acquired | Source of acquisition | Cost, normal purchase price | Total Checkouts | Full call number | Barcode | Date last seen | Price effective from | Koha item type |
|---|---|---|---|---|---|---|---|---|---|---|---|---|---|---|---|---|---|
| Dewey Decimal Classification | Chemistry | St Aloysius Library | St Aloysius Library | UGC Book Bank | 02/17/2021 | Sita Book House | 130.00 | 542/164 BAHT | 049386 | 02/17/2021 | 02/17/2021 | Book |